Statistics for Most Streamed Beatles Songs On Spotify

Click here to take the quiz!

General Stats

  • This quiz has been taken 42 times
  • The average score is 19 of 30

Answer Stats

RankAlbumAnswer% Correct
3Let It BeLet It Be
97%
5Past MastersHey Jude
90%
2Abbey RoadCome Together
84%
10Help!Help!
84%
1Abbey RoadHere Comes The Sun
84%
16A Hard Day's NightA Hard Day's Night
81%
30RevolverYellow Submarine
81%
4Help!Yesterday
81%
6Please Please MeTwist And Shout
74%
12RevolverEleanor Rigby
71%
23Let It BeGet Back
71%
8Past MastersI Want To Hold Your Hand
71%
26Magical Mystery TourPenny Lane
71%
20Sgt. Pepper's Lonely Hearts Club BandLucy In The Sky With Diamonds
68%
18Magical Mystery TourAll You Need Is Love
65%
24Past MastersShe Loves You
65%
9Rubber SoulIn My Life
61%
11Abbey RoadSomething
61%
17Magical Mystery TourStrawberry Fields Forever
61%
28Help!Ticket To Ride
61%
13The BeatlesWhile My Guitar Gently Weeps
61%
22Past MastersDay Tripper
58%
7The BeatlesBlackbird
55%
15Please Please MeLove Me Do
55%
25A Hard Day's NightAnd I Love Her
48%
14The BeatlesOb-La-Di, Ob-La-Da
48%
21Please Please MeI Saw Her Standing There
45%
29A Hard Day's NightCan't Buy Me Love
42%
27Let It BeDon't Let Me Down
26%
19Rubber SoulNorwegian Wood (This Bird Has Flown)
13%

Score Distribution

Percentile by Number Answered

Percent of People with Each Score

Your Score History

You have not taken this quiz